Jump into jazz : (Record no. 651)

MARC details
000 -LEADER
fixed length control field 00733cam a2200241 a 4500
005 - DATE AND TIME OF LATEST TRANSACTION
control field 20260322212028.0
008 - FIXED-LENGTH DATA ELEMENTS--GENERAL INFORMATION
fixed length control field data
010 ## - LIBRARY OF CONGRESS CONTROL NUMBER
LC control number 96019679
020 ## - INTERNATIONAL STANDARD BOOK NUMBER
International Standard Book Number 1559345497(alk. paper)
040 ## - CATALOGING SOURCE
Original cataloging agency DLC
Transcribing agency DLC
Modifying agency DLC
050 00 - LIBRARY OF CONGRESS CALL NUMBER
Classification number GV1784
Item number .K73 1996
082 00 - DEWEY DECIMAL CLASSIFICATION NUMBER
Classification number 793.3
Edition information 20
092 ## - LOCALLY ASSIGNED DEWEY CALL NUMBER (OCLC)
Classification number 793.3 K73 1996
001 - CONTROL NUMBER
control field data
100 1# - MAIN ENTRY--PERSONAL NAME
Personal name Kraines, Minda Goodman.
245 10 - TITLE STATEMENT
Title Jump into jazz :
Remainder of title a primer for the beginning jazz dance student /
Statement of responsibility, etc. Minda Goodman Kraines & Esther Pryor.
250 ## - EDITION STATEMENT
Edition statement 3rd ed.
260 ## - PUBLICATION, DISTRIBUTION, ETC.
Place of publication, distribution, etc. Mountain View, Calif. :
Name of publisher, distributor, etc. Mayfield Pub.,
Date of publication, distribution, etc. c1997.
300 ## - PHYSICAL DESCRIPTION
Extent xii, 208 p. :
Other physical details ill. ;
Dimensions 24 cm.
504 ## - BIBLIOGRAPHY, ETC. NOTE
Bibliography, etc. note Includes bibliographical references (p. 197-201) and index.
650 #0 - SUBJECT ADDED ENTRY--TOPICAL TERM
Topical term or geographic name entry element Jazz dance.
700 1# - ADDED ENTRY--PERSONAL NAME
Personal name Pryor, Esther.
Holdings
Withdrawn status Lost status Damaged status Not for loan Home library Current library Shelving location Date acquired Total checkouts Full call number Barcode Date last seen Price effective from Koha item type
        Fairview Fairview General stacks 22/03/2026   793.3 20 BC0010668 22/03/2026 22/03/2026 Books